ბათუმის შოთა რუსთაველის სახელმწიფო უნივერსიტეტის ბიბლიოთეკა

Экономика малого предприятия. (ბიბ.ჩანაწერი № 37148)

000 -LEADER
fixed length control field 00588nam a2200217Ia 4500
001 - CONTROL NUMBER
control field 3104
003 - CONTROL NUMBER IDENTIFIER
control field GE_BSU
008 - FIXED-LENGTH DATA ELEMENTS--GENERAL INFORMATION
fixed length control field 181216s||||||||xx |||||||||||||| ||und||
020 ## - INTERNATIONAL STANDARD BOOK NUMBER
International Standard Book Number 5876850675
040 ## - CATALOGING SOURCE
Transcribing agency GE_BSU
080 ## - UNIVERSAL DECIMAL CLASSIFICATION NUMBER
Universal Decimal Classification number 338.45
100 ## - MAIN ENTRY--PERSONAL NAME
Personal name Глухов, В.В.
245 ## - TITLE STATEMENT
Title Экономика малого предприятия.
260 ## - PUBLICATION, DISTRIBUTION, ETC.
Place of publication, distribution, etc. СПБ
260 ## - PUBLICATION, DISTRIBUTION, ETC.
Name of publisher, distributor, etc. Специальная Литература
260 ## - PUBLICATION, DISTRIBUTION, ETC.
Date of publication, distribution, etc. 1997
300 ## - PHYSICAL DESCRIPTION
Extent 80 ст. 21 см.
653 ## - INDEX TERM--UNCONTROLLED
Uncontrolled term Экономика малого предприятия.
942 ## - ADDED ENTRY ELEMENTS (KOHA)
Koha item type წიგნი
ეგზემპლარები
Withdrawn status Lost status Damaged status Not for loan Date acquired Barcode Date last seen Price effective from Koha item type Public note
        2018-12-17 7845 2018-12-17 2018-12-17 წიგნი დარბაზი
        2018-12-17 8188 2018-12-17 2018-12-17 წიგნი დარბაზი
        2018-12-17 8189 2018-12-17 2018-12-17 წიგნი დარბაზი
        2018-12-17 8190 2018-12-17 2018-12-17 წიგნი დარბაზი
        2018-12-17 8191 2018-12-17 2018-12-17 წიგნი დარბაქზი